000 01397cam a2200277 i 4500
003 SA-RiAUC
005 20251110084118.0
008 251106q19001999ti g 00000 ara c
040 _aSA-JeALM
_bara
_cSA-RiAUC
_erda
082 0 4 _a258.2
_qSA-RiAUC
090 _a258.2
_bهـ د ا
245 0 0 _aهداية المتعبد السالك /
_cشرح الشيخ صالح عبد السميع الآبي الأزهري. على متن الأخضري في الفقه على مذهب السادة المالكية / للشيخ عبد الرحمن الأخضري.
264 1 _bدار إحياء الكتب العربية،
_c[بين 1900 و1999]
300 _a80 صفحة ؛
_c18 سم
336 _aنص
_btxt
_2rdacontent
_3كتاب
337 _aبدون وسيط
_bn
_2rdamedia
338 _aمجلد
_bnc
_2rdacarrier
650 7 _aالفقه المالكي
_2aucsh
650 7 _aالعبادات (فقه إسلامي)
_2aucsh
700 1 _aالأزهري، صالح عبد السميع الآبي،
_dتوفي 1335 هجري
_eشارح.
700 1 2 _aالأخضري، عبد الرحمن بن محمد بن محمد،
_d918-983 هجري
740 0 2 _aمتن الأخضري في الفقه على مذهب السادة المالكي.
740 2 2 _aالأخضري في الفقه على مذهب السادة المالكي.
942 _2ddc
_cBOOK
_n0
949 _aSA-JeALM
_d251106
_umohamedma123
_n1
999 _c13136
_d13136